[Event "Budapest Karacsonyi op"]
[Site "Budapest"]
[Date "2017.12.30"]
[Round "6"]
[White "Baranyi, Robert"]
[Black "Kozsik, Bende Barnabas"]
[Result "0-1"]
[WhiteElo "1707"]
[BlackElo "1960"]
[PlyCount "82"]
[EventDate "2017.12.27"]
[EventType "swiss"]
[EventRounds "7"]
[EventCountry "HUN"]
[SourceTitle "CBM 182 Extra"]
[Source "ChessBase"]
[SourceDate "2018.02.23"]
[SourceVersion "1"]
[SourceVersionDate "2018.02.23"]
[SourceQuality "1"]

1. d4 Nf6 2. Bg5 c6 3. Bxf6 exf6 4. Nf3 d5 5. c3 Bd6 6. e3 0-0 7. Bd3 Re8 8. Qc2 g6 9. Nbd2 Nd7 10. 0-0 f5 11. Rae1 Nf6 12. c4 Bd7 13. Nb1 Rc8 14. Nc3 Be6 15. c5 Bb8 16. b4 Ne4 17. Rb1 Qc7 18. g3 b5 19. a4 a6 20. axb5 axb5 21. Ra1 Qb7 22. Ra3 Bc7 23. Rfa1 Ra8 24. Bf1 Rxa3 25. Rxa3 h6 26. Ne1 g5 27. Nxe4 dxe4 28. Ng2 Bd5 29. Qc3 Kh7 30. Be2 Rg8 31. Kf1 Qc8 32. Qd2 f6 33. Ke1 h5 34. h4 Kh6 35. Qd1 Qb8 36. Kd2 f4 37. hxg5+ fxg5 38. gxf4 gxf4 39. exf4 Bxf4+ 40. Kc2 Rxg2 41. Qh1 Rh2 0-1

[Event "HUN-chT2 Erkel 1617"]
[Site "Hungary"]
[Date "2017.04.09"]
[Round "11.12"]
[White "Baranyi, Robert"]
[Black "Babella, Balazs"]
[Result "1-0"]
[WhiteElo "1793"]
[BlackElo "1144"]
[PlyCount "101"]
[EventDate "2016.09.25"]
[EventType "team-tourn"]
[EventRounds "11"]
[EventCountry "HUN"]
[SourceTitle "EXT 2021"]
[Source "ChessBase"]
[SourceDate "2020.10.23"]
[SourceVersion "1"]
[SourceVersionDate "2020.10.23"]
[SourceQuality "1"]
[WhiteTeam "Jaszbereny"]
[BlackTeam "Szigetszentmiklos"]
[WhiteTeamCountry "HUN"]
[BlackTeamCountry "HUN"]

1. e4 c5 2. Nf3 Nc6 3. d4 cxd4 4. Nxd4 e5 5. Nb5 d6 6. N1c3 a6 7. Na3 Nf6 8. Bg5 Be7 9. Bxf6 Bxf6 10. Nd5 0-0 11. Nc4 Nd4 12. c3 Nb5 13. a4 Nc7 14. Nxf6+ Qxf6 15. Qxd6 Qxd6 16. Nxd6 Rd8 17. 0-0-0 b5 18. Be2 bxa4 19. Nc4 Rxd1+ 20. Bxd1 Be6 21. Nb6 Rb8 22. Nxa4 g6 23. Nc5 Rb5 24. Nxe6 Nxe6 25. Be2 Ra5 26. Kc2 Nf4 27. Bf3 f5 28. Rd1 fxe4 29. Bxe4 Ne6 30. Rd5 Rxd5 31. Bxd5 Kf7 32. Kd3 Kf6 33. Bxe6 Kxe6 34. Ke4 h5 35. f4 exf4 36. Kxf4 Kd5 37. Kg5 Kc4 38. Kxg6 a5 39. Kxh5 a4 40. g4 Kb3 41. g5 Kxb2 42. g6 a3 43. g7 a2 44. g8Q a1Q 45. Qg2+ Kb3 46. Qd5+ Kc2 47. h4 Qxc3 48. Qf5+ Kd2 49. Kg4 Qd4+ 50. Qf4+ Qxf4+ 51. Kxf4 1-0

[Event "HUN-chT2 Erkel 1516"]
[Site "Hungary"]
[Date "2016.04.03"]
[Round "10.11"]
[White "Baranyi, Robert"]
[Black "Vamosi, Laszlo"]
[Result "1/2-1/2"]
[WhiteElo "1793"]
[BlackElo "1739"]
[PlyCount "64"]
[EventDate "2015.09.13"]
[EventType "team-tourn"]
[EventRounds "11"]
[EventCountry "HUN"]
[SourceTitle "EXT 2017"]
[Source "ChessBase"]
[SourceDate "2016.10.25"]
[SourceVersion "1"]
[SourceVersionDate "2016.10.25"]
[SourceQuality "1"]
[WhiteTeam "Jaszbereny"]
[BlackTeam "Andornaktalya"]
[WhiteTeamCountry "HUN"]
[BlackTeamCountry "HUN"]

1. e4 e5 2. Nf3 Nc6 3. Bc4 Bc5 4. c3 Nf6 5. d4 exd4 6. e5 d5 7. Bb5 Ne4 8. cxd4 Bb4+ 9. Bd2 Nxd2 10. Nbxd2 0-0 11. Bxc6 bxc6 12. Rc1 Bd7 13. 0-0 Qe8 14. h3 Qe6 15. Nh2 Qg6 16. Kh1 Qd3 17. Nb3 Qxd1 18. Rfxd1 Rfb8 19. Rc2 a5 20. Rf1 a4 21. Nd2 Bxd2 22. Rxd2 Rb4 23. f4 Rab8 24. Rff2 Bf5 25. Nf3 Rc4 26. Kh2 h6 27. Ng1 c5 28. Ne2 cxd4 29. Nxd4 Be4 30. Ne2 c6 31. a3 Kf8 32. Nc3 Ke7 1/2-1/2

[Event "HUN-chT2 Erkel 1516"]
[Site "Hungary"]
[Date "2015.12.06"]
[Round "6.11"]
[White "Csaszar, Gyula"]
[Black "Baranyi, Robert"]
[Result "1-0"]
[WhiteElo "2063"]
[BlackElo "1697"]
[PlyCount "69"]
[EventDate "2015.09.13"]
[EventType "team-tourn"]
[EventRounds "11"]
[EventCountry "HUN"]
[SourceTitle "CBM 170 Extra"]
[Source "ChessBase"]
[SourceDate "2016.02.25"]
[SourceVersion "1"]
[SourceVersionDate "2016.02.25"]
[SourceQuality "1"]
[WhiteTeam "Barcza BEAC"]
[BlackTeam "Jaszbereny"]
[WhiteTeamCountry "HUN"]
[BlackTeamCountry "HUN"]

1. e4 e5 2. Nf3 Nc6 3. Bc4 Bc5 4. c3 Nf6 5. d3 0-0 6. 0-0 d5 7. exd5 Nxd5 8. Bg5 Qd6 9. Nbd2 Bb6 10. Ne4 Qd7 11. b4 f6 12. Bd2 Kh8 13. Qb3 Nde7 14. a4 a6 15. a5 Ba7 16. Qb2 Qg4 17. Be3 Bf5 18. h3 Qh5 19. Ng3 Qg6 20. Nh4 Qe8 21. Nhxf5 Nxf5 22. Nxf5 Qg6 23. Bxa7 Qxf5 24. Bc5 Rfd8 25. Qe2 Rd7 26. b5 axb5 27. Bxb5 Rd5 28. Bxc6 bxc6 29. d4 Rdd8 30. a6 Re8 31. Qc4 exd4 32. cxd4 Reb8 33. a7 Rb7 34. Qa6 Rb5 35. Qxc6 1-0